Numerická minimalizácia kvadratickej formy
Enregistré dans:
| Auteur principal: | |
|---|---|
| Autres auteurs: | |
| Format: | Manuscrit Livre |
| Langue: | slovaque |
| Publié: |
Bratislava :
STU v Bratislave FEI,
2025
|
| Sujets: | |
| Accès en ligne: | https://opac.crzp.sk/?fn=detailBiblioFormChildY136JR&sid=BA75C2D62745AD5727E8959ED92F&seo=CRZP-detail-kniha |
| Tags: |
Pas de tags, Soyez le premier à ajouter un tag!
|
MARC
| LEADER | 00000ntm a22000003a 4500 | ||
|---|---|---|---|
| 001 | stuzp102238 | ||
| 003 | SK-STU | ||
| 005 | 20260209144814.8 | ||
| 007 | ta | ||
| 008 | 150427s2015----xo-----f-mn---000-0-slo-d | ||
| 040 | |a STU |b slo | ||
| 041 | 0 | |a slo | |
| 044 | |a xo | ||
| 100 | 1 | |a Chrobák, Šimon |u 031000 |4 aut |U FEI Fakulta elektrotechniky a informatiky |T FEI Ústav robotiky a kybernetiky |X 116825 |U E011 |Y 356 |7 116825 | |
| 242 | 0 | 1 | |a Numerical Minimization of a Quadratic Form |y eng |
| 245 | 1 | 0 | |a Numerická minimalizácia kvadratickej formy |
| 260 | |a Bratislava : |b STU v Bratislave FEI, |c 2025 | ||
| 300 | |a 39 s. | ||
| 650 | 4 | |a numerická optimalizácia |2 slo | |
| 650 | 4 | |a metóda najmenších štvorcov |2 slo | |
| 650 | 4 | |a kvadratická forma |2 slo | |
| 650 | 4 | |a numerical optimization |2 eng | |
| 650 | 4 | |a least squares method |2 eng | |
| 650 | 4 | |a quadratic form |2 eng | |
| 700 | 1 | |a Dodek, Martin |u 031000 |k Z1 |4 ths |U FEI Fakulta elektrotechniky a informatiky |T FEI Ústav robotiky a kybernetiky |X 80499 |U E011 |Y 356 |7 80499 | |
| 856 | 4 | |u https://opac.crzp.sk/?fn=detailBiblioFormChildY136JR&sid=BA75C2D62745AD5727E8959ED92F&seo=CRZP-detail-kniha | |